<?xml version="1.0" encoding="UTF-8"?>
<marc:record xmlns:marc="http://www.loc.gov/MARC21/slim">
   <marc:leader>00000nam a2200000 a 4500</marc:leader>
   <marc:datafield ind1="1" ind2=" " tag="100">
      <marc:subfield code="a">Reiß, Gunter</marc:subfield>
      <marc:subfield code="4">aut</marc:subfield>
      <marc:subfield code="e">Verfasser/-in</marc:subfield>
   </marc:datafield>
   <marc:datafield ind1="1" ind2=" " tag="100">
      <marc:subfield code="a">von Schoenebeck, Mechthild</marc:subfield>
      <marc:subfield code="4">aut</marc:subfield>
      <marc:subfield code="e">Verfasser/-in</marc:subfield>
   </marc:datafield>
   <marc:datafield ind1="1" ind2=" " tag="100">
      <marc:subfield code="a">Helms, Dietrich</marc:subfield>
      <marc:subfield code="4">aut</marc:subfield>
      <marc:subfield code="e">Verfasser/-in</marc:subfield>
   </marc:datafield>
   <marc:datafield ind1=" " ind2=" " tag="653">
      <marc:subfield code="a">Musicals</marc:subfield>
   </marc:datafield>
   <marc:datafield ind1="0" ind2="0" tag="245">
      <marc:subfield code="a">Musicals... nicht nur für Kinder</marc:subfield>
   </marc:datafield>
   <marc:datafield ind1="0" ind2="0" tag="245">
      <marc:subfield code="b">Ein kommentiertes Stückeverzeichnis</marc:subfield>
   </marc:datafield>
   <marc:datafield ind1="0" ind2="0" tag="245">
      <marc:subfield code="c">Gunter Reiß ; Mechthild von Schoenebeck ; Dietrich Helms</marc:subfield>
   </marc:datafield>
   <marc:datafield ind1=" " ind2="1" tag="264">
      <marc:subfield code="a">Regensburg</marc:subfield>
      <marc:subfield code="b">ConBrio</marc:subfield>
      <marc:subfield code="c">1996</marc:subfield>
   </marc:datafield>
   <marc:datafield ind1="1" ind2=" " tag="490">
      <marc:subfield code="a">Theater und Musik für Kinder und Jugendliche; Bd.</marc:subfield>
      <marc:subfield code="v">1</marc:subfield>
   </marc:datafield>
   <marc:datafield ind1="1" ind2=" " tag="520">
      <marc:subfield code="a">Dies ist ein Musicalführer besonderer Art. Er  stellt 35 Musicals für Kinder und Jugendliche  vor, Stücke also, die Theatergruppen an  Schulen und Musikschulen aufführen können.  Viele Englischsprachige sind darunter, aber  auch etliche Deutsche, die besonders auch für  die kleineren Akteuere geeignet sind. Unter-&lt;br/&gt;schiedliche Aufführungsdauern, Besetzungen,  Musikstile und Schwierigkeitsgrade wurden be-&lt;br/&gt;rücksichtigt, so daß für jeden Bedarf etwas  Passendes zu finden ist. Über den rein prak-&lt;br/&gt;tischen Nutzen eines kommentierten Stückever-&lt;br/&gt;zeichnisses hinaus lädt das Buch zu einer  Entdeckungsreise in eine faszinierende  Theaterlandschaft ein.&lt;br/&gt; </marc:subfield>
   </marc:datafield>
   <marc:datafield ind1=" " ind2=" " tag="020">
      <marc:subfield code="a">9783930079285</marc:subfield>
      <marc:subfield code="9">9783930079285</marc:subfield>
   </marc:datafield>
   <marc:datafield ind1=" " ind2=" " tag="041">
      <marc:subfield code="a">ger</marc:subfield>
   </marc:datafield>
   <marc:datafield ind1="1" ind2=" " tag="521">
      <marc:subfield code="a">0</marc:subfield>
   </marc:datafield>
   <marc:datafield ind1=" " ind2=" " tag="300">
      <marc:subfield code="a">181 S.</marc:subfield>
   </marc:datafield>
</marc:record>
